50 Most Valuable Premier League Players - Statistics

General Stats
  • This quiz has been taken 905 times
    394 since last reset
  • The average score is 40 of 50
Answer Stats
Rank Value ( € ) Club Nation Player % Correct
1 €200M Manchester City Norway Erling Haaland
100%
2 €150M Arsenal England Bukayo Saka
98%
5 €130M Manchester City Spain Rodri
97%
7 €110M Arsenal Norway Martin Odegaard
96%
10 €80M Liverpool Argentina Alexis Mac Allister
95%
4 €130M Chelsea England Cole Palmer
95%
8 €85M Liverpool Colombia Luis Diaz
95%
3 €140M Manchester City England Phil Foden
95%
20 €75M Manchester City Portugal Ruben Dias
95%
17 €75M Newcastle United Sweden Alexander Isak
94%
6 €110M Arsenal England Declan Rice
93%
44 €55M Manchester United Portugal Bruno Fernandes
92%
16 €75M Arsenal Brazil Gabriel
91%
14 €75M Manchester City Croatia Josko Gvardiol
91%
12 €80M Arsenal France William Saliba
91%
21 €65M Liverpool Uruguay Darwin Nunez
90%
9 €80M Chelsea Ecuador Moises Caicedo
90%
13 €75M Chelsea Argentina Enzo Fernandez
89%
19 €75M Arsenal Germany Kai Havertz
89%
36 €55M Tottenham Hotspur Netherlands Micky van de Ven
88%
45 €55M Liverpool Egypt Mohamed Salah
88%
11 €80M Newcastle United Brazil Bruno Guimaraes
87%
15 €75M Liverpool Hungary Dominik Szoboszlai
87%
18 €75M Liverpool England Trent Alexander-Arnold
87%
23 €60M Manchester United Denmark Rasmus Hojlund
85%
29 €60M Manchester City Portugal Bernardo Silva
84%
22 €65M Tottenham Hotspur Argentina Cristian Romero
84%
26 €60M Liverpool Netherlands Cody Gakpo
83%
34 €55M Arsenal Brazil Gabriel Martinelli
82%
25 €60M Manchester City Belgium Jeremy Doku
81%
27 €60M Tottenham Hotspur Sweden Dejan Kulusevski
80%
24 €60M Newcastle United England Anthony Gordon
75%
42 €55M Aston Villa England Ollie Watkins
72%
47 €50M Manchester United Argentina Alejandro Garnacho
71%
32 €55M Chelsea Senegal Nicolas Jackson
71%
40 €55M Liverpool Netherlands Ryan Gravenberch
71%
39 €55M Crystal Palace England Eberechi Eze
68%
28 €60M Tottenham Hotspur England James Maddison
67%
50 €50M Wolves Brazil Matheus Cunha
67%
33 €55M Manchester City Brazil Savinho
67%
49 €50M West Ham United Ghana Mohammed Kudus
66%
43 €55M Manchester United England Marcus Rashford
65%
31 €55M Manchester United England Kobbie Mainoo
64%
37 €55M Chelsea Portugal Pedro Neto
63%
41 €55M Arsenal England Ben White
61%
30 €55M Manchester United France Leny Yoro
59%
38 €55M Aston Villa Belgium Amadou Onana
55%
48 €50M Brighton & Hove Albion Brazil Joao Pedro
55%
46 €50M Nottingham Forest Brazil Murillo
42%
35 €55M Chelsea England Levi Colwill
40%
No matching quizzes found
Score Distribution
Percent of People with Each Score
Percentile by Number Answered
Your Score History
You have not taken this quiz since the last reset